000 00285nam a2200097Ia 4500
001 1226822
005 20250827093011.0
008 250824s9999 xx 000 0 und d
245 0 _aKANGURULAR ÜLKESİ AVUSTRALYAYA YOLCULUK (L2)
_cGÜLTEN DAYIOĞLU
260 _bALTIN KİTAPLAR YAYINEVİ
999 _c1226822
_d1226822